000 00261nam a2200121Ia 4500
100 _a#N/A
650 _aELECTRONICS
942 _cBK
654 _avlsi
245 _aVLSI Circuits & Systems - Supplementary CAD Intro. Tool
260 _b#N/A
546 _aENGLISH
999 _c31142
_d31142